Kluby piłkarskie według logo - Statystyki

Ogólne statystyki
  • Ten quiz został rozwiązany 110 razy
  • Średni wynik to 15 z 20
Statystyki odpowiedzi
Obrazkowy Odpowiedź % Poprawnych
Barcelona
99%
Real Madryt
99%
Liverpool
98%
Paris Saint-Germain
98%
Juventus
96%
A.S. Roma
94%
Bayern Monachium
94%
Valencia
82%
S.L. Benfica
78%
Leicester City
74%
Galatasaray
72%
Olympiakos
67%
1. FC Köln
66%
Wolverhampton Wanderers
65%
Nottingham Forest
64%
Santos
64%
Hull City
48%
Swansea City
48%
Hajduk Split
46%
Kaiser Chiefs
12%
Nie znaleziono quizów pasujących do podanych kryteriów
Rozkład punktacji
Procent ludzi z każdym wynikiem
Percentyl według liczby udzielonych odpowiedzi
Twoja historia wyników
Nie rozwiązałeś tego quizu